000 00501nam a22001817a 4500
999 _c184378
_d184378
005 20220204110754.0
010 _aENG-131243
020 _a978-81-952858-0-8
_c580.00
035 _aEN-114775
037 _bDBAD
082 _aN
100 _aBakshi, GD
245 _aThunder Dragon:
_bThe Covid Strike/
_cGD Bakshi
260 _aNew Delhi
_bKW Publishers Pvt Ltd
_c2021
270 _bNew Delhi
_a4676/21, First Floor, Ansari Road
_e110002
300 _a211p.
_c21cm(pbk)
942 _2ddc
_cEN
_hN
_mBAK